| 000 | 00542nam a22001577a 4500 | ||
|---|---|---|---|
| 999 |
_c9400 _d9400 |
||
| 008 | 210409b ||||| |||| 00| 0 eng d | ||
| 040 | _aBMS College of Architecture | ||
| 100 | _aAnusha, Adireddy | ||
| 245 | _aTransit supportive development Alternative for future growth of Bangalore | ||
| 300 | _a 119p. | ||
| 500 | _a1BM10AHD05 | ||
| 502 |
_8M.Arch (Habitat Design) _NBMS College of Architecture, Visvesvaraya Technological University _aDissertation _d2012 |
||
| 650 | _aBangalore | ||
| 700 |
_aMamatha P Raj _eGuide |
||
| 942 |
_2ddc _cPGTHE |
||